| 000 | 00628nam a2200193Ii 4500 | ||
|---|---|---|---|
| 003 | JO-AjNU | ||
| 008 | 230605s9999||||xx |||||||||||||| ||und|| | ||
| 040 |
_aJO-AjNU _bara _erda _cJO-AjNU |
||
| 041 | _aara | ||
| 050 | 1 | 4 | _aBP130.4.M43 1979 |
| 100 | 3 |
_aمحمود، مصطفى, _eauthor _957145 |
|
| 245 | 0 | 0 | _aالقرآن : محاولة لفهم عصري للقرآن |
| 264 | 3 | 1 | _aبيروت: دارالعودة ، 1979 |
| 300 | _a303ص | ||
| 336 |
_atext _btxt _2rdacontent |
||
| 337 |
_aunmediated _bn _2rdamedia |
||
| 338 |
_avolume _bnc _2rdacarrier |
||
| 650 | 4 |
_aالقرآن الكريم- علوم- تفسير _957146 |
|
| 999 |
_aA25590 _c29158 _d29158 |
||